000
00308nam a22001337a 4500
008
181205b xxu||||| |||| 00| 0 eng d
020
_a
9780877795759
041
_a
eng
080
_a
821
100
_a
27
101
_a
GJU
245
_a
Meriam Websters Elementary Dictionary
_c
Robert.P
942
_2
udc
_c
BK
999
_c
52911
_d
52911